| 000 | 00770nam a22002295a 4500 | ||
|---|---|---|---|
| 003 | OSt | ||
| 005 | 20170507120007.0 | ||
| 008 | 170507b1994 ua fr 000 0 ara d | ||
| 015 | _a1994 / 4540 | ||
| 020 | _a9771006746 | ||
| 040 |
_aEG-ScBUE _bara _cEG-ScBUE _dEG-ScBUE |
||
| 082 | 0 | 4 |
_222 _a346.015 _bأ ب و |
| 100 | 1 | _aأبو زهرة، محمد. | |
| 245 | 1 | 2 |
_aالولاية على النفس / _cمحمد أبو زهرة. |
| 260 |
_aالقاهرة : _bدار الفكر العربي، _c[1994] |
||
| 300 |
_a180 ص. ؛ _c24 سم. |
||
| 650 | 7 |
_2BUEsh _aالولاية على النفس (فقه إسلامي) |
|
| 650 | 7 |
_2BUEsh _aالولاية على النفس _xقوانين وتشريعات. |
|
| 651 | _2BUEsh | ||
| 653 |
_bLLAAWW _cMay2017 |
||
| 942 | _2ddc | ||
| 999 |
_c24786 _d24758 |
||